000
00291nam a2200121Ia 4500
008
190216s9999||||xx |||||||||||||| ||und||
100
_a
Prest Ar
245
0
_a
Public Finance In Theory And Practice
260
_b
English Uty Press
_c
1960
300
_a
423p
650
_a
Economics
942
_c
BK
999
_c
9119
_d
9119